การเมืองกับการปกครองของไทย (ระเบียนเลขที่ 62889)
| 000 -LEADER | |
|---|---|
| fixed length control field | 01280nam a22002657a 4500 |
| 005 - DATE AND TIME OF LATEST TRANSACTION | |
| control field | 20240216101625.0 |
| 008 - FIXED-LENGTH DATA ELEMENTS--GENERAL INFORMATION | |
| fixed length control field | s2553 th ||||| |||| 00| 0 tha d |
| 020 ## - INTERNATIONAL STANDARD BOOK NUMBER | |
| International Standard Book Number | 9789743649226 |
| 040 ## - CATALOGING SOURCE | |
| Original cataloging agency | NALT |
| 050 ## - LIBRARY OF CONGRESS CALL NUMBER | |
| Classification number | JQ1745.A1 ม231ก 2553 |
| 245 10 - TITLE STATEMENT | |
| Title | การเมืองกับการปกครองของไทย |
| 260 3# - PUBLICATION, DISTRIBUTION, ETC. | |
| Place of publication, distribution, etc. | กรุงเทพฯ : |
| Name of publisher, distributor, etc. | มหาวิทยาลัยมหาจุฬาลงกรณราชวิทยาลัย, |
| Date of publication, distribution, etc. | 2553 |
| 300 ## - PHYSICAL DESCRIPTION | |
| Extent | 316 หน้า : |
| Other physical details | ภาพประกอบ, ตาราง ; |
| Dimensions | 26 ซม. |
| 610 ## - SUBJECT ADDED ENTRY--CORPORATE NAME | |
| Corporate name or jurisdiction name as entry element | มหาวิทยาลัยมหาจุฬาลงกรณราชวิทยาลัย |
| 650 04 - SUBJECT ADDED ENTRY--TOPICAL TERM | |
| Topical term or geographic name entry element | กลุ่มผลประโยชน์ |
| 650 04 - SUBJECT ADDED ENTRY--TOPICAL TERM | |
| Topical term or geographic name entry element | การเลือกตั้ง -- ไทย |
| 650 04 - SUBJECT ADDED ENTRY--TOPICAL TERM | |
| Topical term or geographic name entry element | รัฐสภา -- ไทย |
| 650 04 - SUBJECT ADDED ENTRY--TOPICAL TERM | |
| Topical term or geographic name entry element | พรรคการเมือง -- ไทย |
| 650 04 - SUBJECT ADDED ENTRY--TOPICAL TERM | |
| Topical term or geographic name entry element | ศาล -- ไทย |
| 650 04 - SUBJECT ADDED ENTRY--TOPICAL TERM | |
| Topical term or geographic name entry element | องค์กรอิสระ |
| 650 04 - SUBJECT ADDED ENTRY--TOPICAL TERM | |
| Topical term or geographic name entry element | สถาบันพระมหากษัตริย์ -- ไทย |
| 650 04 - SUBJECT ADDED ENTRY--TOPICAL TERM | |
| Topical term or geographic name entry element | ไทย -- การเมืองและการปกครอง -- ประวัติ |
| 850 ## - HOLDING INSTITUTION | |
| Holding institution | NALT |
| 942 ## - ADDED ENTRY ELEMENTS (KOHA) | |
| Koha item type | General Book |
| Source of classification or shelving scheme | Library of Congress Classification |
| Koha issues (borrowed), all copies | 2 |
| 998 ## - LOCAL CONTROL INFORMATION (RLIN) | |
| -- | 4574 |
| -- | นักศึกษาฝึกงาน-01 |
| Withdrawn status | Lost status | Damaged status | Not for loan | Collection code | Home library | Current library | Shelving location | Source of acquisition | Cost, normal purchase price | Total Checkouts | Full call number | Barcode | Date last seen | Copy number | Cost, replacement price | Price effective from | Koha item type | Date acquired | Date last checked out | Total Renewals |
|---|---|---|---|---|---|---|---|---|---|---|---|---|---|---|---|---|---|---|---|---|
| Not for Loan | General Book collection | National Assembly Library of Thailand | National Assembly Library of Thailand | Parliament Building 2 | จัดซื้อทรัพยากร | 170.00 | JQ 1745.A1 ม231ก 2553 | 3961185524 | 09/06/2017 | ฉ. 4 | 220.00 | 09/06/2017 | General Book | |||||||
| Not for Loan | General Book collection | National Assembly Library of Thailand | National Assembly Library of Thailand | Parliament Building 2 | จัดซื้อทรัพยากร | 170.00 | JQ 1745.A1 ม231ก 2553 | 3961185523 | 09/06/2017 | ฉ. 3 | 220.00 | 09/06/2017 | General Book | |||||||
| General Book collection | National Assembly Library of Thailand | National Assembly Library of Thailand | จัดซื้อทรัพยากร | 170.00 | 1 | JQ 1745.A1 ม231ก 2553 | 3961184391 | 08/06/2023 | ฉ. 2 | 220.00 | 09/06/2017 | General Book | 07/06/2023 | 07/06/2023 | ||||||
| General Book collection | National Assembly Library of Thailand | National Assembly Library of Thailand | จัดซื้อทรัพยากร | 170.00 | 1 | JQ 1745.A1 ม231ก 2553 | 3961184390 | 08/12/2022 | ฉ. 1 | 220.00 | 09/06/2017 | General Book | 24/11/2022 | 24/11/2022 | 1 |
